000 00860nam a2200229 i 4500
001 186045
003 ES-MaACL
005 20230906222554.0
008 160905s1946 ag |||| | spa d
080 _a821.13.09
100 1 _aVossler, Karl.
_9115749
245 1 0 _aEstampas del mundo románico /
_cCarlos Vossler ; [traducido por F. González V.].
250 _a1ª ed. popular... para la Colección austral.
260 _aBuenos Aires :
_bEspasa-Calpe,
_c1946.
300 _a148 p. ;
_c18 cm.
490 1 _aColección austral ;
_v624.
_aVerde: ensayos y filosofía
650 0 4 _aLiteratura románica-
_xHistoria y crítica.
_914662
700 1 _aGonzález Vicen, Felipe.
_959017
830 0 _aColección austral ;
_v624.
_aVerde: ensayos y filosofía
_9225334
852 _aES-MaACL
_jL-30631
_z. - Donat. Carmen Zumárraga
999 _c186045
_d186045